000 00744nam a22002297a 4500
005 20251108171032.0
008 250721s1998 xx 000 0 ara d
082 1 4 _aط/214.2/عبي
100 1 _aعبيد، منصور الرفاعي
245 1 0 _aإدريس عليه السلام :
_bالصديق النبي /
264 1 _aالقاهرة :
_bدار الفكر العربي،
_c1998.
300 _a16ص.
490 0 _aشجرة الأنبياء ؛2
650 1 7 _aالقرآن الكريم
650 1 7 _aقصص القرآن
650 1 7 _aالأنبياء
700 1 _aعبد الفتاح، إسماعيل
700 1 _aهيبة، زرق السيد
700 1 _aقاسم، صفوت
_eرسم
942 _2ddc
_cBK
999 _c54920
_d54920